000 00546nam a2200229Ia 4500
003 OSt
005 20220918201342.0
006 a|||||r|||| 00| 0
007 ta
008 220917b |||||||| |||| 00| 0 eng d
024 _a93,294
037 _cTextual
040 _aARTS
_cARTS
_beng
041 _2eng
_aeng
082 _aV1-3:1Y5, J8
100 _aMason W H
_947776
245 0 _aCommonwealth quiz book
260 _c1958
650 _aHISTORY
942 _hV1-3:1Y5, J8
_cTEXL
_2CC
999 _c216941
_d216941